| 000 | 01481nam0a2200301 4500 | ||
|---|---|---|---|
| 001 | RU\NLR\bibl\403554 | ||
| 005 | 20260408190753.0 | ||
| 010 |
_a5-94909-185-X _92000 |
||
| 021 |
_aRU _b2003-27089 _91258 |
||
| 035 | _a(NLR Aleph) 000397691 | ||
| 090 |
_a555362 _c555362 |
||
| 100 | _a20030529d2003 |||y0rusy50 ca | ||
| 101 | 0 | _arus | |
| 102 | _aRU | ||
| 105 | _ay ||||||||| | ||
| 200 | 1 |
_aГосударственная пошлина _e[Федер. законы и Протокол к Соглашению между государствами. Минимальный размер оплаты труда. Госпошлина в хоз. спорах между субъектами разных государств _eСб.] |
|
| 210 |
_aМ. _cКнига сервис _d2003 |
||
| 215 |
_a28 с. _d21 |
||
| 300 | _aЗагл. обл.: О государственной пошлине | ||
| 512 | 1 | _aО государственной пошлине | |
| 606 |
_aГосударственная пошлина _yРоссийская Федерация _jЗаконы, постановления и т.п. _3RU\NLR\auth\661255202 _92079325 |
||
| 606 |
_aГосударственная пошлина _yРоссийская Федерация _jЗаконодательные материалы _3RU\NLR\auth\661255202 _92079325 |
||
| 686 | _aХ622.221-39(2Р) | ||
| 801 | 0 |
_aRU _bNLR _c20030529 _gPSBO |
|
| 801 | 1 |
_aRU _bNLR _c20030529 |
|
| 942 | _cBOOK | ||
| 980 | _aNB | ||